The Taming of the shrew

Bibliographic Details
Main Author: Shakespeare, William
Other Authors: Morris, Brian
Format: Book
Published: London : Routledge , 1989
Series:The Arden Shakespeare
Subjects:

MARC

LEADER 00000cam a2200000 7i4500
001 0000001686
002 000001837
005 20000330.0
020 |a 0415027039 
090 0 0 |a 822.33   |b SHA 
100 1 |a Shakespeare, William 
245 1 4 |a The Taming of the shrew   |c William Shakespeare ; edited by Brian Morris 
260 |a London :   |b Routledge ,   |c 1989 
300 |a 316 p. ;   |c 20 cm. 
490 0 |a The Arden Shakespeare 
650 0 0 |a Taming of the shrew   |x Drama 
700 1 |a Morris, Brian 
999 |a 034079   |b BUKU   |c PINJAMAN   |e PERPUSTAKAAN KOMUNITI PETALING JAYA